| 000 | 00541 a2200193 4500 | ||
|---|---|---|---|
| 001 | 066022 | ||
| 003 | OSt | ||
| 005 | 20251212123443.0 | ||
| 008 | |||
| 082 |
_a822.308 _bR29R |
||
| 100 | 1 | _aKinney | |
| 245 | 1 |
_aA companion to Renaissance Drama _cby Arthur F. Kinney |
|
| 260 |
_aUSA _bBlackwell Publishing _c2004 |
||
| 300 | _a744p. | ||
| 546 | _aEnglish | ||
| 690 | _aEnglish drama; England; English drama--Early modern and Elizabethan; Renaissance; Theater | ||
| 700 | _4Arthur F. | ||
| 942 |
_2ddc _cBK |
||
| 999 |
_c231 _d231 |
||